MARC
| LEADER | 00000nam a2200000 4500 | ||
|---|---|---|---|
| 001 | CDOM0000003830 | ||
| 003 | mi | ||
| 005 | 20250921132521.0 | ||
| 008 | 250921b |||||||| |||| 00| 0 eng d | ||
| 020 | |a 8804316799 | ||
| 040 | |c mi | ||
| 100 | |a Leavitt, David | ||
| 245 | 1 | |a Eguali amori / |c David Leavitt. Traduzione di Delfina Vezzoli | |
| 260 | |a Milano |b Mondadori |c 1989 | ||
| 300 | |a 306 p. |c 22 cm. | ||
| 490 | |a Omnibus | ||
| 700 | |a Vezzoli, Delfina | ||
| 942 | |2 ddc |c BK | ||
| 952 | |0 0 |1 0 |2 ddc |4 0 |6 B_LNR02LEADAEGU11 |7 0 |9 7029 |a MI |b MI |d 2009-09-04 |i 5568 |l 0 |o B-LNR02-LEADA-EGU11 |p CDOM5568 |r 2025-07-13 16:28:00 |w 2025-07-13 |x DONO |y BK | ||
| 999 | |c 5744 |d 5744 | ||